LEADER 04877nam 2200481 450 001 9910149711403321 005 20170324082934.0 010 $a981-314-139-5 035 $a(CKB)2660000000040914 035 $a(MiAaPQ)EBC4731809 035 $a(PPN)203718739 035 $a(EXLCZ)992660000000040914 100 $a20161017h20172017 uy| 0 101 0 $aeng 135 $aurcnu|||||||| 181 $2rdacontent 182 $2rdamedia 183 $2rdacarrier 200 04$aThe future of large, internationally active banks /$feditors, Asli Demirgu?c?-Kunt (World Bank, USA), Douglas D Evanoff (Federal Reserve Bank of Chicago, USA), and George G Kaufman (Loyola University Chicago, USA) 210 1$aNew Jersey :$cWorld Scientific,$d[2017] 210 4$dİ2017 215 $a1 online resource (494 pages) $ccolor illustrations 225 1 $aWorld Scientific studies in international economics ;$vvolume 55 300 $aConference proceedings. 311 $a981-314-138-7 320 $aIncludes bibliographical references and index. 327 $aSpecial addresses -- Shared responsibility for the regulation of international banks / Daniel K. Tarullo -- Post-crisis risks and bank equity capital / Thomas M. Hoenig -- Reputational risks and large international banks / Ingo Walter -- The cross-border banking landscape -- Cross-border banking flows and organizational complexity in financial conglomerates / Linda S. Goldberg -- Global banks : good or good-bye? / Thomas F. Huertas -- The future of large, internationally active banks : does scale define the winners? / Joseph P. Hughes and Loretta J. Mester -- The international banking landscape : developments, drivers, and potential implications / Juan A. Marchetti -- Banking activity trends following the financial crisis: expansion? retrenchment? -- How did foreign bank lending change during the recent financial crisis : an overview / Allen N. Berger, Tanakorn Makaew, and Rima Turk-Ariss -- Banking activity trends following the financial crisis : expansion or retrenchment? / Stijn Claessens and Neeltje van Horen -- Global banking : old and new lessons from emerging europe / Ralph De Haas -- Banks' love story with sovereign debt : causes, consequences, and policy / Alexander Popov -- Implications for supervision and regulation -- Patterns in international banking and their implications for prudential policies / Ingo Fender and Patrick McGuire -- Supervision and regulation : effects of global financial crisis on japan and asia / Jakatoshi Ito -- The future of large, internationally active banks : implications for supervision and regulation / Anil K Kashyap -- Risk management -- At a crossroad? : regulatory capital and operational risk / Dietmar Serbee and Michael Alix -- The transmission of bank default risk during the global financial crisis / Deniz Anginer, Eugenio Cerutti, and Maria Soledad Martinez Peria -- An overview of regulatory stress-testing and how to improve it / Matt Pritsker -- The role of foreign banks in local credit booms / Stijn Claessens and Neeltje van Horen -- Safety net and resolution issues for large and cross-border banks -- Towards a global solution for a global problem / Eva H.G. Hu?pkes -- Cross-border bank resolution : recent developments / Ceyla Pazarba?io?lu -- Corporate governance issues in the new environment -- Corporate governance and bank risk taking / Deniz Anginer, Asli Demirguc-Kunt, Harry Huizinga, and Kebin Ma -- Vertical and horizontal problems in financial regulation and corporate governance / Jonathan R. Macey and Maureen O'Hara -- Incentive compensation and bank risk : insights from organizational economics / Edward Simpson Prescott -- Cultural failures at banks : a review and possible solutions / Alan Morrison and Joel Shapiro -- Policy discussion : where to from here? -- Understanding the future of banking : scale and scope economies, and fintech / Arnoud W. A. Boot -- Four key factors affecting the future of large, internationally active banks / John C. Dugan -- The last crisis, the next crisis, and the future of large banks / Phillip Swagel -- The future of large, internationally active banks / Mahmoud Mohieldin. 410 0$aWorld Scientific studies in international economics. 606 $aBanks and banking, International$vCongresses 606 $aBanks and banking, International$xLaw and legislation$vCongresses 615 0$aBanks and banking, International 615 0$aBanks and banking, International$xLaw and legislation 676 $a332.1/5 702 $aDemirgu?c?-Kunt$b Asl?$f1961- 702 $aEvanoff$b Douglas Darrell$f1951- 702 $aKaufman$b George G. 801 0$bMiAaPQ 801 1$bMiAaPQ 801 2$bMiAaPQ 906 $aBOOK 912 $a9910149711403321 996 $aThe future of large, internationally active banks$92568180 997 $aUNINA LEADER 02173oam 2200589I 450 001 9910779696703321 005 20230617033635.0 010 $a1-136-60573-8 010 $a0-203-06411-9 010 $a1-299-45914-5 010 $a1-136-60566-5 024 7 $a10.4324/9780203064115 035 $a(CKB)2550000001019102 035 $a(EBL)1166448 035 $a(SSID)ssj0000907437 035 $a(PQKBManifestationID)11469039 035 $a(PQKBTitleCode)TC0000907437 035 $a(PQKBWorkID)10884188 035 $a(PQKB)10011593 035 $a(MiAaPQ)EBC1166448 035 $a(Au-PeEL)EBL1166448 035 $a(CaPaEBR)ebr10684619 035 $a(CaONFJC)MIL477164 035 $a(OCoLC)839304457 035 $a(FINmELB)ELB136134 035 $a(EXLCZ)992550000001019102 100 $a20130331d2004 uy 0 101 0 $aeng 135 $aur|n|---||||| 181 $ctxt 182 $cc 183 $acr 200 00$aInclusion and behaviour management in schools $eissues and challenges /$fedited by Janice Wearmouth. [et al.] 210 1$aLondon :$cDavid Fulton Publishers :$cUniversity of Waikato :$cOpen University,$d2004. 215 $a1 online resource (377 p.) 300 $aDescription based upon print version of record. 311 $a1-138-14187-9 311 $a1-84312-229-4 320 $aIncludes bibliographical references and index. 327 $apt. 1. Policy issues -- pt. 2. Practitioner research issues -- pt. 3. Cultural issues -- pt. 4. Inclusive practices. 330 $aProvidng an overview of the issues crucial to understanding inclusion and behavior management in schools, this book discusses:* Policy at national, local authority and school level* Inclusive practices in mainstream settings* Issues such as race, ethnicity school disciplines and exclusion 606 $aInclusive education 615 0$aInclusive education. 676 $a370.1/528 701 $aWearmouth$b Janice$0849178 801 0$bMiAaPQ 801 1$bMiAaPQ 801 2$bMiAaPQ 906 $aBOOK 912 $a9910779696703321 996 $aInclusion and behaviour management in schools$93800678 997 $aUNINA